00921 2200325 4500001002100000005001500021035002000036007000300056040001600059100003100075245007700106250001300183300003900196020002200235041000800257082000800265084001400273090002100287264004100308336002100349337003000370338002300400650001600423700003900439850001000478008004100488990002200529990002200551990002200573INLIS00000000000463320260524073908 a0010-0122000265ta aSPBUPDbind0 aSabrina JasmineePengarang1 aSeratus Enam Puluh Detik Renungan Perihal Cinta :bMemorable Love Quotes a.-Cet. 1 aiv, 161 hal. :billus. ;c14x20 cm a978-602-1129-45-6 aind a158 a158 SAB s a206.4 ADI f 2 12 a.--Yogyakarta :bINDOLITERASI,c2015 2rdacontentaTeks 2rdamediaaTanpa Perantara 2rdacarrieraVolume 4aBuku Remaja0 aPenyunting, Nur IswarsoePengarang aPUPAD260524 0  a25.128/B/DPK/2017 a25.129/B/DPK/2017 a25.126/B/DPK/2017